[Event "Hradec Kralove Open 2021 - A FIDE Open"]
[Site "Cernigov hotel, Hradec Kralove"]
[Date "2021.11.09"]
[Round "4"]
[Board "8"]
[White "Barabas, Ales"]
[Black "Michalek, Michal"]
[Result "1/2-1/2"]
[WhiteElo "1745"]
[BlackElo "2161"]
[PlyCount "141"]
[EventDate "2021.11.06"]
[EventRounds "9"]
[EventCountry "CZE"]

1. Nf3 d5 2. g3 Nf6 3. Bg2 e6 4. O-O Be7 5. d4 O-O 6. Nbd2 b6 7. c4 c6 8. b3
Nbd7 9. Bb2 Bb7 10. Re1 Rc8 11. Rc1 c5 12. e3 Rc7 13. Ne5 cxd4 14. exd4 Qa8 15.
cxd5 Rxc1 16. Qxc1 Nxe5 17. dxe5 Rc8 18. Qa1 Nxd5 19. Nc4 Nb4 20. Bxb7 Qxb7 21.
Qb1 Rd8 22. Qe4 Qxe4 23. Rxe4 Bc5 24. Ba3 Rd1+ 25. Kg2 a5 26. Re2 Kf8 27. Bxb4
axb4 28. Rd2 Ra1 29. h4 Ke7 30. Kf3 f6 31. Ke2 Rc1 32. exf6+ gxf6 33. Ne3 Rc3
34. Rc2 Rxc2+ 35. Nxc2 Kd6 36. f3 Kd5 37. g4 Ke5 38. Ne1 Kf4 39. Nd3+ Kg3 40.
h5 h6 41. Nb2 f5 42. gxf5 exf5 43. Nc4 Kh4 44. Ne5 Kxh5 45. f4 Bd6 46. Nd3 Kg4
47. Kf2 Bxf4 48. Nxb4 Be5 49. Nd3 Bd4+ 50. Kg2 f4 51. Ne1 h5 52. Nf3 Bc3 53.
Nh2+ Kf5 54. Kf3 Ke5 55. Nf1 Bb4 56. Nh2 Kd4 57. Nf1 Bd6 58. Nd2 Bc7 59. Ne4
Kd3 60. Nf6 b5 61. Nxh5 b4 62. Nf6 Kc2 63. Nd5 Kb2 64. Nxb4 Ka3 65. Nd5 Kxa2
66. b4 Bd6 67. b5 Kb3 68. Nxf4 Kc4 69. b6 Kb5 70. Nd5 Kc6 71. Ke4  1/2-1/2

[Event "Hradec Kralove Open 2021 - A FIDE Open"]
[Site "Cernigov hotel, Hradec Kralove"]
[Date "2021.11.09"]
[Round "4"]
[Board "9"]
[White "Winter, Ondrej"]
[Black "Smietanska, Wiktoria"]
[Result "1-0"]
[WhiteElo "2074"]
[BlackElo "1777"]
[PlyCount "43"]
[EventDate "2021.11.06"]
[EventRounds "9"]
[EventCountry "CZE"]

1. e4 c6 2. Nc3 d5 3. Nf3 Nf6 4. e5 Ne4 5. d4 Nxc3 6. bxc3 c5 7. Be2 c4 8. O-O
Nc6 9. Ne1 e6 10. f4 Qa5 11. Qd2 b5 12. Bb2 Be7 13. g3 Bd7 14. Ng2 Rc8 15. Ne3
Nxd4 16. Qxd4 Bc5 17. Qd2 d4 18. Rad1 Bb6 19. Ba1 Bc6 20. cxd4 Qxd2 21. Rxd2
Rd8 22. c3  1-0

[Event "Hradec Kralove Open 2021 - A FIDE Open"]
[Site "Cernigov hotel, Hradec Kralove"]
[Date "2021.11.09"]
[Round "4"]
[Board "11"]
[White "Lifshits, Felix"]
[Black "Mathisen, Runar"]
[Result "1/2-1/2"]
[WhiteElo "2185"]
[BlackElo "1880"]
[PlyCount "47"]
[EventDate "2021.11.06"]
[EventRounds "9"]
[EventCountry "CZE"]

1. e4 c5 2. Nc3 Nc6 3. g3 g6 4. Bg2 Bg7 5. Nge2 d6 6. O-O e6 7. d3 Nge7 8. Be3
Nd4 9. Qd2 O-O 10. Nd1 Qc7 11. Nc1 Rd8 12. c3 Ndc6 13. Ne2 Ne5 14. Bf4 c4 15.
d4 Nd3 16. Bg5 f6 17. Be3 d5 18. f3 b5 19. Nf2 Nxf2 20. Rxf2 Bb7 21. Nf4 Rd6
22. Bh3 Bc8 23. Bg2 Bb7 24. Bh3  1/2-1/2

[Event "Hradec Kralove Open 2021 - A FIDE Open"]
[Site "Cernigov hotel, Hradec Kralove"]
[Date "2021.11.09"]
[Round "4"]
[Board "14"]
[White "Zdechovsky, Tobias"]
[Black "Tsapanidis, Vasilis"]
[Result "0-1"]
[WhiteElo "2012"]
[BlackElo "1785"]
[PlyCount "106"]
[EventDate "2021.11.06"]
[EventRounds "9"]
[EventCountry "CZE"]

1. d4 {[%emt 0:00:00]} d5 2. c4 c6 3. Nf3 Nf6 4. Nc3 Nbd7 5. cxd5 cxd5 6. Bf4
a6 7. e3 Nb6 8. Rc1 e6 9. Bd3 Bd6 10. O-O Bxf4 11. exf4 O-O 12. Ne5 g6 13. g3
Bd7 14. Kg2 Rc8 15. h4 Kg7 16. Rh1 h5 17. Qc2 Be8 18. Rce1 Nc4 19. b3 Nd6 20.
Qb2 Qb6 21. Ne2 Bb5 22. Ng1 Bxd3 23. Nxd3 Rc7 24. Nf3 Rfc8 25. Re2 Nde4 26.
Nde5 Rc3 27. Rd1 Qc7 28. Ng5 Rc2 29. Rxc2 Qxc2 30. Qxc2 Rxc2 31. Ngxf7 Nxf2 32.
Rg1 N2g4+ 33. Kf1 Ne3+ 34. Ke1 Rc1+ 35. Ke2 Rxg1 36. Kxe3 Rxg3+ 37. Kd2 Ne4+
38. Kc2 Rg2+ 39. Kd3 Rxa2 40. Nd8 Kf6 41. Nxb7 Rd2+ 42. Ke3 Rb2 43. Na5 Ra2 44.
Nac6 Rh2 45. b4 Rxh4 46. Nb8 Nd6 47. Nxa6 Nc4+ 48. Nxc4 dxc4 49. Nc5 Ke7 50. b5
Kd6 51. b6 Rh1 52. b7 Rb1 53. Kd2 h4  0-1

[Event "Hradec Kralove Open 2021 - A FIDE Open"]
[Site "Cernigov hotel, Hradec Kralove"]
[Date "2021.11.09"]
[Round "4"]
[Board "15"]
[White "Tesar, Jan"]
[Black "Pokora, Lubomir"]
[Result "1-0"]
[WhiteElo "1966"]
[BlackElo "1758"]
[PlyCount "59"]
[EventDate "2021.11.06"]
[EventRounds "9"]
[EventCountry "CZE"]

1. d4 d6 2. Nf3 Bg4 3. g3 Nd7 4. Bg2 c6 5. O-O e5 6. h3 Bh5 7. e4 Be7 8. c3 Qc7
9. Be3 Bg6 10. Nbd2 h6 11. Nh2 Ngf6 12. f4 exf4 13. gxf4 Nb6 14. Ng4 Qd7 15. a4
Bh7 16. a5 Nc8 17. Qf3 O-O 18. c4 Ne8 19. f5 Qd8 20. e5 dxe5 21. dxe5 Bg5 22.
Bxg5 Qxg5 23. Ne4 Qh4 24. Rad1 Ne7 25. f6 Ng6 26. Rd7 h5 27. fxg7 Nxg7 28. Nh6+
Kh8 29. Nxf7+ Kg8 30. Nf6+  1-0

[Event "Hradec Kralove Open 2021 - A FIDE Open"]
[Site "Cernigov hotel, Hradec Kralove"]
[Date "2021.11.09"]
[Round "4"]
[Board "24"]
[White "Kutek, Jiri"]
[Black "Marsina, Stefan"]
[Result "1-0"]
[WhiteElo "1545"]
[BlackElo "1791"]
[PlyCount "83"]
[EventDate "2021.11.06"]
[EventRounds "9"]
[EventCountry "CZE"]

1. d4 Nf6 2. c4 g6 3. Nc3 Bg7 4. e4 d6 5. Nf3 O-O 6. b4 a5 7. b5 c5 8. Be3 Ng4
9. Rb1 Nxe3 10. fxe3 Nd7 11. Be2 Nf6 12. h3 Nh5 13. O-O Ng3 14. Re1 f5 15. exf5
Nxf5 16. Qd3 Bh6 17. Bd1 cxd4 18. exd4 Ng3 19. Bc2 Bf5 20. Qd1 Bf4 21. Nd5 e5
22. dxe5 dxe5 23. Nxe5 Qd6 24. Ng4 Qc5+ 25. Nge3 Be4 26. Bxe4 Nxe4 27. Qd3 Nf2
28. Qc3 Bg5 29. Qe5 Bxe3 30. Ne7+ Kf7 31. Qxe3 Qxe3 32. Rxe3 Rae8 33. Rbe1 Nd3
34. Rf1+ Kg7 35. Rxf8 Kxf8 36. Nxg6+ hxg6 37. Rxd3 Re2 38. Rd7 Rxa2 39. Rxb7
Rc2 40. Rc7 a4 41. b6 Rb2 42. b7  1-0

[Event "Hradec Kralove Open 2021 - A FIDE Open"]
[Site "Cernigov hotel, Hradec Kralove"]
[Date "2021.11.09"]
[Round "5"]
[Board "1"]
[White "Sharon, Rafael"]
[Black "Plischki, Sebastian"]
[Result "0-1"]
[WhiteElo "1810"]
[BlackElo "2368"]
[PlyCount "114"]
[EventDate "2021.11.06"]
[EventRounds "9"]
[EventCountry "CZE"]

1. e4 c5 2. Nf3 Nc6 3. Bb5 Nf6 4. Nc3 g6 5. O-O Bg7 6. d3 O-O 7. h3 Nd4 8. Nxd4
cxd4 9. Ne2 d5 10. e5 Nd7 11. Nxd4 Nxe5 12. Nf3 Nxf3+ 13. Qxf3 Qa5 14. Qxd5 Be6
15. Qxb7 Rfb8 16. Qxe7 Rxb5 17. c3 Bf8 18. Qh4 Rab8 19. b4 Qa4 20. Be3 Bg7 21.
Rfc1 Rc8 22. Qe7 Rd5 23. d4 Rd7 24. Qh4 Rdc7 25. Bd2 Qa3 26. Qf4 Rc4 27. Qe3 h5
28. Rd1 Rxc3 29. Bxc3 Rxc3 30. Qg5 Qxb4 31. d5 Qa5 32. Qd2 Bd7 33. Rab1 Qa4 34.
Rdc1 Rxc1+ 35. Rxc1 Be5 36. Qe2 Qf4 37. Qe3 Qh2+ 38. Kf1 Bf4 39. Rc8+ Bxc8 40.
Qe8+ Kg7 41. Qxc8 Qh1+ 42. Ke2 Qxg2 43. Qc3+ Kh7 44. Qd4 Qg5 45. Kf3 Bd6 46.
Qxa7 Qxd5+ 47. Ke2 Bc5 48. Qa6 Qe6+ 49. Qxe6 fxe6 50. f3 g5 51. Kd3 Kg6 52. Ke4
Kf6 53. a4 Bb6 54. f4 g4 55. h4 Bd8 56. Kd4 Kf5 57. Ke3 Bb6+  0-1

[Event "Hradec Kralove Open 2021 - A FIDE Open"]
[Site "Cernigov hotel, Hradec Kralove"]
[Date "2021.11.09"]
[Round "5"]
[Board "2"]
[White "Dambrauskas, Virginijus"]
[Black "Jirasek, Pavel"]
[Result "0-1"]
[WhiteElo "2186"]
[BlackElo "2271"]
[PlyCount "138"]
[EventDate "2021.11.06"]
[EventRounds "9"]
[EventCountry "CZE"]

1. d4 Nf6 2. c4 e6 3. g3 c5 4. Nf3 cxd4 5. Nxd4 Qc7 6. e3 a6 7. Nd2 b6 8. Bg2
Bb7 9. Bxb7 Qxb7 10. Qf3 Nc6 11. O-O Rc8 12. b3 Bb4 13. Ne4 Nxe4 14. Qxe4 Bc3
15. Rb1 d5 16. Qd3 Bxd4 17. exd4 O-O 18. Ba3 Rfd8 19. c5 e5 20. dxe5 bxc5 21.
Bxc5 Nxe5 22. Qf5 Rxc5 23. Qxe5 Rc2 24. Rfe1 g6 25. Re2 Rxe2 26. Qxe2 d4 27.
Rd1 Qb6 28. Qc4 h5 29. h4 Qd6 30. Qd3 a5 31. Kg2 Kg7 32. Rd2 Qe5 33. Re2 Qd5+
34. Kh2 Rd6 35. Rd2 Kf6 36. Rd1 Qf5 37. Kg2 Qxd3 38. Rxd3 Ke5 39. Kf3 Rc6 40.
Ke2 Rc2+ 41. Rd2 Rc3 42. Rd3 Rc2+ 43. Rd2 Rc6 44. Rb2 Rc3 45. a4 Ke4 46. b4
axb4 47. Rxb4 Rc2+ 48. Ke1 Ra2 49. Rb3 Rxa4 50. f3+ Kd5 51. Rb7 Kc4 52. Rxf7
Ra1+ 53. Kf2 Ra2+ 54. Ke1 Kd3 55. Rf6 Ke3 56. Re6+ Kxf3 57. Rxg6 Rg2 58. Rg5
Ke3 59. Re5+ Kd3 60. Rxh5 Rxg3 61. Kf2 Rh3 62. Rh8 Kc2 63. Kg2 Rc3 64. Rd8 d3
65. Kf3 Kc1 66. Kg4 d2 67. h5 Kc2 68. h6 Rd3 69. Rxd3 Kxd3  0-1

[Event "Hradec Kralove Open 2021 - A FIDE Open"]
[Site "Cernigov hotel, Hradec Kralove"]
[Date "2021.11.09"]
[Round "5"]
[Board "3"]
[White "Valenta, Vit Vaclav"]
[Black "Thuesen, Mogens"]
[Result "0-1"]
[WhiteElo "2042"]
[BlackElo "2188"]
[PlyCount "68"]
[EventDate "2021.11.06"]
[EventRounds "9"]
[EventCountry "CZE"]

1. b4 e5 2. Bb2 Bxb4 3. Bxe5 Nf6 4. Nf3 d5 5. g3 O-O 6. Bg2 c5 7. Bb2 Nc6 8.
O-O h6 9. d3 Be6 10. e3 Ba5 11. Nbd2 d4 12. e4 Nd7 13. Nb3 Bb6 14. Nfd2 Nde5
15. Qe2 a5 16. f4 a4 17. fxe5 c4 18. Ba3 axb3 19. axb3 Re8 20. bxc4 Nxe5 21.
Kh1 Ba5 22. Bb2 Qb6 23. Nb3 Red8 24. Rab1 Bc3 25. Bxc3 dxc3 26. Ra1 Rxa1 27.
Nxa1 Qb2 28. Qe1 Ra8 29. Qb1 Ra2 30. Rg1 Ng4 31. h3 Ne3 32. Rc1 Bd7 33. Bf3 Ba4
34. Bd1 Nf1  0-1

[Event "Hradec Kralove Open 2021 - A FIDE Open"]
[Site "Cernigov hotel, Hradec Kralove"]
[Date "2021.11.09"]
[Round "5"]
[Board "4"]
[White "Maryasin, Boris"]
[Black "Lambrecht, Tomasz"]
[Result "1-0"]
[WhiteElo "2286"]
[BlackElo "1876"]
[PlyCount "118"]
[EventDate "2021.11.06"]
[EventRounds "9"]
[EventCountry "CZE"]

1. e4 c5 2. Nf3 d6 3. d4 cxd4 4. Nxd4 Nf6 5. Nc3 a6 6. f4 e5 7. Nf3 Nbd7 8. Bd3
b5 9. O-O Be7 10. Qe1 O-O 11. a4 b4 12. Nd5 Nxd5 13. exd5 Bb7 14. fxe5 Bxd5 15.
exd6 Bxd6 16. Bg5 Qb6+ 17. Kh1 Nc5 18. Bf5 Rfe8 19. Qh4 g6 20. Bh6 Be7 21. Qd4
Qf6 22. Qxd5 gxf5 23. Bg5 Qe6 24. Rad1 Rad8 25. Qxe6 fxe6 26. Bxe7 Rxd1 27.
Rxd1 Rxe7 28. a5 Rd7 29. Rxd7 Nxd7 30. Nd4 Nc5 31. b3 Nb7 32. Nc6 Kf7 33. Nxb4
Nxa5 34. Nxa6 Kf6 35. Kg1 Ke5 36. Kf2 Kd4 37. Nc7 e5 38. Nb5+ Kc5 39. Nc3 Nc6
40. Ne2 Nb4 41. c3 Nd5 42. h3 Nf6 43. Kf3 Nd5 44. g4 f4 45. Ke4 Kd6 46. g5 Ke6
47. h4 Ne7 48. h5 Nc8 49. Nxf4+ exf4 50. Kxf4 Nd6 51. c4 Nf5 52. b4 Nd6 53. c5
Nb5 54. Ke4 Nc7 55. c6 Nb5 56. g6 h6 57. g7 Nd6+ 58. Kf4 Kf7 59. Ke5 Nb5  1-0

[Event "Hradec Kralove Open 2021 - A FIDE Open"]
[Site "Cernigov hotel, Hradec Kralove"]
[Date "2021.11.09"]
[Round "5"]
[Board "5"]
[White "Pein, Jonathan"]
[Black "Tsifanskaya, Ludmila A"]
[Result "1-0"]
[WhiteElo "2218"]
[BlackElo "1987"]
[PlyCount "49"]
[EventDate "2021.11.06"]
[EventRounds "9"]
[EventCountry "CZE"]

1. Nf3 c5 2. e4 Nc6 3. d4 cxd4 4. Nxd4 Qb6 5. Nb3 Nf6 6. Nc3 e6 7. a3 Qc7 8.
Be3 a6 9. f4 d6 10. g4 Be7 11. g5 Nd7 12. h4 b5 13. Qd2 Bb7 14. O-O-O O-O-O 15.
Kb1 Kb8 16. h5 Na5 17. Nxa5 Qxa5 18. Qd4 e5 19. Qa7+ Kc8 20. fxe5 dxe5 21. Bh3
Qc7 22. Bb6 Qc6 23. Nd5 Bd6 24. Bc7 Bxc7 25. Ne7#  1-0

[Event "Hradec Kralove Open 2021 - A FIDE Open"]
[Site "Cernigov hotel, Hradec Kralove"]
[Date "2021.11.09"]
[Round "5"]
[Board "7"]
[White "Kamenskyi, Dmytro"]
[Black "Bergerhoff, Andreas"]
[Result "1-0"]
[WhiteElo "1973"]
[BlackElo "2039"]
[PlyCount "65"]
[EventDate "2021.11.06"]
[EventRounds "9"]
[EventCountry "CZE"]

1. e4 d6 2. d4 Nf6 3. Nc3 Nbd7 4. Nf3 e5 5. Bc4 Be7 6. O-O h6 7. a4 c6 8. Re1
Qc7 9. b3 Nf8 10. Bf1 g5 11. dxe5 dxe5 12. Nd2 Bg4 13. Be2 Be6 14. Bc4 Rd8 15.
Qe2 Bg4 16. Qe3 Ne6 17. Bxe6 Bxe6 18. Bb2 Ng4 19. Qe2 Qa5 20. Rad1 Bc5 21. Rf1
Bd4 22. Nc4 Qc5 23. h3 Nxf2 24. Rxf2 b5 25. Nxe5 Qxe5 26. Rxd4 Qxd4 27. axb5
cxb5 28. Qxb5+ Kf8 29. Na4 Qxe4 30. Bxh8 Bxh3 31. Qc5+ Kg8 32. Qe5 Rd1+ 33. Kh2
 1-0

[Event "Hradec Kralove Open 2021 - A FIDE Open"]
[Site "Cernigov hotel, Hradec Kralove"]
[Date "2021.11.09"]
[Round "5"]
[Board "8"]
[White "Michalek, Michal"]
[Black "Szkoludek, Sebastian"]
[Result "1/2-1/2"]
[WhiteElo "2161"]
[BlackElo "1916"]
[PlyCount "67"]
[EventDate "2021.11.06"]
[EventRounds "9"]
[EventCountry "CZE"]

1. d4 Nf6 2. c4 c5 3. d5 b5 4. cxb5 a6 5. bxa6 Bxa6 6. Nc3 d6 7. e4 Bxf1 8.
Kxf1 g6 9. Nf3 Bg7 10. g3 O-O 11. Kg2 Nbd7 12. a4 Qb6 13. Qe2 Rfb8 14. Ra3 Qa6
15. Nb5 Rb7 16. Nd2 Ne8 17. Nc4 Nc7 18. Qd2 Nb6 19. Nxc7 Rxc7 20. Nxb6 Qxb6 21.
a5 Qb5 22. b3 Rca7 23. Bb2 Rxa5 24. Rxa5 Rxa5 25. Bxg7 Kxg7 26. Qc3+ f6 27. Re1
Ra7 28. Re3 Rb7 29. h4 Qb4 30. Qa1 Rb5 31. Qa8 Rb8 32. Qc6 Qb7 33. Qa4 Ra8 34.
Qc4  1/2-1/2

[Event "Hradec Kralove Open 2021 - A FIDE Open"]
[Site "Cernigov hotel, Hradec Kralove"]
[Date "2021.11.09"]
[Round "5"]
[Board "9"]
[White "Mathisen, Runar"]
[Black "Tesar, Jan"]
[Result "0-1"]
[WhiteElo "1880"]
[BlackElo "1966"]
[PlyCount "126"]
[EventDate "2021.11.06"]
[EventRounds "9"]
[EventCountry "CZE"]

1. e4 c5 2. c3 d6 3. d4 Nf6 4. Bd3 g6 5. dxc5 dxc5 6. e5 Ng4 7. f4 Bg7 8. Nf3
O-O 9. O-O c4 10. Bxc4 Qb6+ 11. Qd4 Qc7 12. Bb3 Nc6 13. Qc5 a5 14. Na3 a4 15.
Bc4 b6 16. Nb5 Qb7 17. Qd5 Be6 18. Qe4 Bf5 19. Qe2 Na5 20. h3 Nh6 21. Bd3 Rfd8
22. Nfd4 Bxd3 23. Qxd3 Bf8 24. g4 e6 25. Qg3 Kh8 26. b3 Nc6 27. Be3 Nxd4 28.
Bxd4 Ng8 29. Rae1 Rd7 30. Nd6 Qd5 31. Qe3 axb3 32. c4 Qc6 33. axb3 Ra2 34. Rf2
Rxf2 35. Kxf2 Ra7 36. Re2 Kg7 37. Qf3 Rc7 38. Nb5 Qxf3+ 39. Kxf3 Rb7 40. Ra2
Bc5 41. Bxc5 bxc5 42. Ra7 Rxa7 43. Nxa7 Ne7 44. Ke3 Kf8 45. Kd3 Ke8 46. Kc3 Kd7
47. b4 cxb4+ 48. Kxb4 h5 49. Nb5 hxg4 50. hxg4 g5 51. Kc5 gxf4 52. Kd4 Ng6 53.
Nd6 f6 54. Ne4 fxe5+ 55. Kc5 f3 56. g5 Nf4 57. Nf2 Kc7 58. Kb5 Kd7 59. Kb6 Ke7
60. Kc6 Nd3 61. Nxd3 e4 62. Ne5 f2 63. Ng6+ Ke8  0-1

[Event "Hradec Kralove Open 2021 - A FIDE Open"]
[Site "Cernigov hotel, Hradec Kralove"]
[Date "2021.11.09"]
[Round "5"]
[Board "10"]
[White "Lysenko, Volodymyr"]
[Black "Jiruse, Josef"]
[Result "1-0"]
[WhiteElo "1845"]
[BlackElo "1962"]
[PlyCount "113"]
[EventDate "2021.11.06"]
[EventRounds "9"]
[EventCountry "CZE"]

1. d4 Nf6 2. c4 e5 3. dxe5 Ng4 4. Bf4 Nc6 5. Nf3 Bb4+ 6. Nc3 Qe7 7. Qd5 f6 8.
exf6 Nxf6 9. Qd3 O-O 10. g3 d6 11. Bg2 Bxc3+ 12. bxc3 Bg4 13. O-O Rae8 14. Rfe1
Ne4 15. Nd4 Bd7 16. f3 Nc5 17. Qd2 Na5 18. e4 Nxc4 19. Qe2 Ne5 20. Rad1 Kh8 21.
Be3 b6 22. Nb3 Nxb3 23. axb3 Qf7 24. Ra1 Qxb3 25. Rxa7 Bb5 26. Qd2 Nc4 27. Qd4
Re7 28. Rea1 Nxe3 29. Qxe3 Bc6 30. Qd4 Qe6 31. Re1 d5 32. e5 Bb5 33. f4 Bc4 34.
Rea1 c5 35. Qd1 Ref7 36. Bh3 Qg6 37. Rxf7 Qxf7 38. f5 h6 39. Qg4 Rd8 40. Qh4
Re8 41. e6 Qc7 42. Qh5 Rf8 43. Re1 Qe7 44. Qg4 Rf6 45. Qf4 Rf8 46. Bg4 Bb5 47.
Qe5 Rd8 48. Rd1 Bc6 49. Rf1 Rf8 50. Bf3 Qf6 51. Qxf6 gxf6 52. Rd1 Rd8 53. c4
Ba4 54. Rxd5 Rxd5 55. cxd5 c4 56. d6 c3 57. d7  1-0

[Event "Hradec Kralove Open 2021 - A FIDE Open"]
[Site "Cernigov hotel, Hradec Kralove"]
[Date "2021.11.09"]
[Round "5"]
[Board "12"]
[White "Paldus, Petr"]
[Black "Barabas, Ales"]
[Result "1/2-1/2"]
[WhiteElo "2025"]
[BlackElo "1745"]
[PlyCount "62"]
[EventDate "2021.11.06"]
[EventRounds "9"]
[EventCountry "CZE"]

1. e4 c5 2. Nf3 d6 3. c3 Nf6 4. Bd3 Nc6 5. O-O e6 6. Bc2 Be7 7. d4 cxd4 8. cxd4
a6 9. Nc3 b5 10. e5 dxe5 11. dxe5 Qxd1 12. Rxd1 Nd7 13. Bf4 Bb7 14. a3 Rd8 15.
Ne4 O-O 16. Rac1 Na5 17. Ned2 Nb6 18. Be4 Bxe4 19. Nxe4 Nd5 20. Bg3 Nc4 21. Rc2
Nb4 22. Rxd8 Rxd8 23. Re2 Nd3 24. h4 Ndxb2 25. Nd6 h6 26. Nd4 Rd7 27. Nc6 Na4
28. Nb8 Rd8 29. Nc6 Rd7 30. Nb8 Rd8 31. Nc6 Rd7  1/2-1/2

[Event "Hradec Kralove Open 2021 - A FIDE Open"]
[Site "Cernigov hotel, Hradec Kralove"]
[Date "2021.11.09"]
[Round "5"]
[Board "14"]
[White "Zelbova, Lada"]
[Black "Kutek, Jiri"]
[Result "1-0"]
[WhiteElo "1956"]
[BlackElo "1545"]
[PlyCount "87"]
[EventDate "2021.11.06"]
[EventRounds "9"]
[EventCountry "CZE"]

1. e4 e5 2. Nf3 Nc6 3. Bb5 d6 4. O-O Nf6 5. Re1 Bd7 6. c3 a6 7. Ba4 Be7 8. d4
O-O 9. Nbd2 b5 10. Bc2 Bg4 11. h3 Bh5 12. d5 Na5 13. Nf1 h6 14. Ng3 Bg6 15. Qe2
Qd7 16. Nh4 Nh7 17. Ngf5 Bxh4 18. Nxh4 Qe7 19. Nxg6 fxg6 20. a4 Qd7 21. b4 Nb7
22. Bd3 c6 23. Bd2 cxd5 24. exd5 Qf7 25. axb5 a5 26. c4 axb4 27. Bxb4 Ng5 28.
h4 Nh7 29. Qe3 Nf6 30. Be2 Qd7 31. Ra7 Rab8 32. Rea1 Qf5 33. Qf3 Qc2 34. Qd3
Qxd3 35. Bxd3 e4 36. Be2 h5 37. R1a6 Ne8 38. Rb6 Rf7 39. g3 Kh7 40. Bf1 Re7 41.
Bh3 Kh6 42. Bd2+ Kh7 43. Bf4 Kh8 44. c5  1-0

[Event "Hradec Kralove Open 2021 - A FIDE Open"]
[Site "Cernigov hotel, Hradec Kralove"]
[Date "2021.11.09"]
[Round "5"]
[Board "16"]
[White "Smietanska, Wiktoria"]
[Black "Marinc, Damir"]
[Result "1/2-1/2"]
[WhiteElo "1777"]
[BlackElo "1906"]
[PlyCount "52"]
[EventDate "2021.11.06"]
[EventRounds "9"]
[EventCountry "CZE"]

1. e4 e5 2. Nf3 Qe7 3. Nc3 c6 4. d4 d6 5. Bc4 g6 6. O-O Nh6 7. dxe5 dxe5 8. Bg5
f6 9. Be3 Nf7 10. a4 Be6 11. Bc5 Qxc5 12. Bxe6 Qe7 13. Ba2 Na6 14. Qe2 Bh6 15.
Rfd1 O-O 16. Bc4 Nc5 17. g3 Kh8 18. b4 Ne6 19. Na2 Rad8 20. c3 Nfg5 21. h4 Nf7
22. Nc1 Rxd1+ 23. Qxd1 Rd8 24. Qe2 Rd7 25. Nb3 Nfd8 26. Kg2 Bf8  1/2-1/2

[Event "Hradec Kralove Open 2021 - A FIDE Open"]
[Site "Cernigov hotel, Hradec Kralove"]
[Date "2021.11.10"]
[Round "6"]
[Board "1"]
[White "Jirasek, Pavel"]
[Black "Thuesen, Mogens"]
[Result "1/2-1/2"]
[WhiteElo "2271"]
[BlackElo "2188"]
[PlyCount "44"]
[EventDate "2021.11.06"]
[EventRounds "9"]
[EventCountry "CZE"]

1. c4 e6 2. g3 d5 3. Bg2 Nf6 4. Nf3 c5 5. O-O Nc6 6. d4 Be7 7. cxd5 exd5 8. Nc3
O-O 9. Bg5 c4 10. Ne5 Be6 11. e3 Nd7 12. Nxc6 bxc6 13. Bxe7 Qxe7 14. b3 Rac8
15. bxc4 dxc4 16. Qa4 Nb6 17. Qa5 Rfd8 18. Rfd1 Nd5 19. e4 Qb4 20. Qxb4 Nxb4
21. d5 cxd5 22. exd5 Bf5  1/2-1/2

[Event "Hradec Kralove Open 2021 - A FIDE Open"]
[Site "Cernigov hotel, Hradec Kralove"]
[Date "2021.11.10"]
[Round "6"]
[Board "2"]
[White "Plischki, Sebastian"]
[Black "Maryasin, Boris"]
[Result "1-0"]
[WhiteElo "2368"]
[BlackElo "2286"]
[PlyCount "61"]
[EventDate "2021.11.06"]
[EventRounds "9"]
[EventCountry "CZE"]

1. d4 d5 2. c4 dxc4 3. e4 Nc6 4. Nf3 Bg4 5. d5 Ne5 6. Nc3 Nf6 7. Be3 b5 8. Nxb5
c6 9. Nc3 e6 10. Qa4 Bxf3 11. gxf3 exd5 12. O-O-O Qd7 13. exd5 cxd5 14. Qxd7+
Kxd7 15. Nxd5 Nxd5 16. Rxd5+ Ke6 17. Ra5 a6 18. f4 Nd3+ 19. Bxd3 cxd3 20. f5+
Kd7 21. Rd1 Bd6 22. Rxd3 Rhc8+ 23. Kd1 Ke7 24. Rad5 Bxh2 25. Bc5+ Kf6 26. Bd4+
Kg5 27. f6+ Kg6 28. fxg7 Rd8 29. Rxd8 Rxd8 30. Ke2 Bf4 31. Be5  1-0

[Event "Hradec Kralove Open 2021 - A FIDE Open"]
[Site "Cernigov hotel, Hradec Kralove"]
[Date "2021.11.10"]
[Round "6"]
[Board "3"]
[White "Winter, Ondrej"]
[Black "Kamenskyi, Dmytro"]
[Result "0-1"]
[WhiteElo "2074"]
[BlackElo "1973"]
[PlyCount "88"]
[EventDate "2021.11.06"]
[EventRounds "9"]
[EventCountry "CZE"]

1. e4 c5 2. Nf3 a6 3. c3 e6 4. d4 d5 5. dxc5 Bxc5 6. exd5 exd5 7. Bd3 Nf6 8.
O-O O-O 9. Nbd2 Nc6 10. Nb3 Ba7 11. Bg5 Bg4 12. Re1 Qd6 13. h3 Bh5 14. Bh4 Rae8
15. g4 Bg6 16. Rxe8 Rxe8 17. Nbd4 Nxd4 18. Nxd4 Bxd4 19. cxd4 Qb4 20. Bxg6 hxg6
21. b3 Re4 22. Rc1 Rxd4 23. Qf3 Rf4 24. Qg3 Nxg4 25. Bg5 Re4 26. f3 Qd4+ 27.
Kg2 Re2+ 28. Kf1 Rf2+ 29. Ke1 Qb4+ 30. Kd1 Rf1+ 31. Ke2 Qb5+ 32. Kd2 Rf2+ 33.
Kc3 Qc5+ 34. Kd3 Rxf3+ 35. Ke2 Rxg3 36. Rxc5 Rxh3 37. Rxd5 Rh2+ 38. Kf3 Nf6 39.
Rd6 Kh7 40. Rd8 Rh5 41. Bc1 Rf5+ 42. Kg2 Nd5 43. Rb8 b6 44. Bd2 b5  0-1

[Event "Hradec Kralove Open 2021 - A FIDE Open"]
[Site "Cernigov hotel, Hradec Kralove"]
[Date "2021.11.10"]
[Round "6"]
[Board "5"]
[White "Tesar, Jan"]
[Black "Sharon, Rafael"]
[Result "0-1"]
[WhiteElo "1966"]
[BlackElo "1810"]
[PlyCount "48"]
[EventDate "2021.11.06"]
[EventRounds "9"]
[EventCountry "CZE"]

1. d4 d5 2. Nf3 Nf6 3. e3 Bf5 4. Bd3 Bxd3 5. Qxd3 e6 6. Qb5+ Nbd7 7. Qxb7 Bd6
8. O-O O-O 9. Qb5 Ne4 10. Qd3 f5 11. c4 c6 12. b3 Rf6 13. Nbd2 a5 14. Bb2 Rh6
15. Ne5 Bxe5 16. dxe5 Ndc5 17. Qe2 Nxd2 18. Qxd2 Ne4 19. Qe2 Qh4 20. h3 Ng5 21.
f3 Qg3 22. Rfd1 Nxh3+ 23. Kf1 Nf4 24. Qf2 Rh1+  0-1

[Event "Hradec Kralove Open 2021 - A FIDE Open"]
[Site "Cernigov hotel, Hradec Kralove"]
[Date "2021.11.10"]
[Round "6"]
[Board "6"]
[White "Vestfal, Jan"]
[Black "Lysenko, Volodymyr"]
[Result "1-0"]
[WhiteElo "1940"]
[BlackElo "1845"]
[PlyCount "63"]
[EventDate "2021.11.06"]
[EventRounds "9"]
[EventCountry "CZE"]

1. d4 f5 2. e4 fxe4 3. Nc3 Nf6 4. Bg5 Nc6 5. d5 Ne5 6. Qe2 Nf7 7. Bxf6 exf6 8.
Nxe4 Be7 9. d6 cxd6 10. O-O-O O-O 11. Nh3 f5 12. Nc3 Re8 13. f4 Bf6 14. Qd2 Qa5
15. Bc4 Qc5 16. Rhe1 Rf8 17. Qe2 b5 18. Nxb5 Ba6 19. Rd5 Qc8 20. Rxf5 Rb8 21.
c3 Bxb5 22. Rxb5 Rxb5 23. Bxf7+ Rxf7 24. Qxb5 Bxc3 25. bxc3 Qxc3+ 26. Kd1 Qa1+
27. Kd2 Qxa2+ 28. Kc3 h6 29. Qb8+ Kh7 30. Qb1+ Qxb1 31. Rxb1 Kg6 32. Ra1  1-0

[Event "Hradec Kralove Open 2021 - A FIDE Open"]
[Site "Cernigov hotel, Hradec Kralove"]
[Date "2021.11.10"]
[Round "6"]
[Board "8"]
[White "Szkoludek, Sebastian"]
[Black "Valenta, Vit Vaclav"]
[Result "1/2-1/2"]
[WhiteElo "1916"]
[BlackElo "2042"]
[PlyCount "83"]
[EventDate "2021.11.06"]
[EventRounds "9"]
[EventCountry "CZE"]

1. Nf3 Nf6 2. b3 g6 3. Bb2 Bg7 4. e3 O-O 5. Be2 d6 6. d4 Nbd7 7. O-O c6 8. c4
Qc7 9. Nc3 Re8 10. Qc2 a6 11. Rfd1 Nf8 12. Rac1 Bd7 13. Qb1 Rad8 14. d5 c5 15.
h3 Bc8 16. Bf1 Qb8 17. Re1 Bd7 18. a4 Qc7 19. Rcd1 Bc8 20. Qa1 Qb8 21. Nd2 N8d7
22. Nf3 Rf8 23. e4 Ne8 24. Nb1 Bxb2 25. Qxb2 f6 26. Qd2 Ne5 27. Nh2 Nf7 28. f4
Ng7 29. Nf3 Rfe8 30. Qb2 Nh5 31. e5 fxe5 32. fxe5 e6 33. exd6 exd5 34. Rxe8+
Rxe8 35. Rxd5 Nxd6 36. Nc3 b6 37. Qd2 Nf7 38. Ng5 Nxg5 39. Qxg5 Be6 40. Re5 Bf7
41. Rxe8+ Bxe8 42. a5  1/2-1/2